000 00287nam a2200097Ia 4500
082 _a635.903 SPEN
245 0 _aRoyal Horticultural Society garden plants and flowers
100 _a SPENCE, Ian London, 2003
_996551
942 _cBK
008 210817s9999 xx 000 0 und d
999 _c406150
_d406149